Представление документа в формате MARC21

Поле Инд. ПП Название Значение
Тип записи a
Библиографический уровень m
001 Контрольный номер RU/LIBMSTU/438279238
005 Дата корректировки 20171110121740.5
008 Кодируемые данные 131120|||||||||ru |||||||||||000|||rus||
040 b Код языка каталог. rus
041 0_ a Код языка текста rus
084 a Индекс другой классификации/Индекс ББК 94+65.28+65.305.143
090 a Полочн. индекс 94
x Авторский знак В 63
100 1_ a Автор Воеводкин Д. А.
245 10 a Заглавие Рациональное использование вторичных ресурсов в экономике нефтегазового хозяйства арктической зоны
b Продолж. заглавия дис. ... канд. экон. наук : 08.00.05
c Ответственность науч. ред. В. А. Скрипниченко ; МОиН РФ, ФГАОУ ВПО "Сев. (Аркт.) федер. ун-т им. М. В. Ломоносова"
260 a Место издания Архангельск
c Дата издания 2013
300 a Объем 164 с.
b Иллюстрации/ тип воспроизводства ил.
504 a Библиография Библиогр.: с. 148-164
583 x Служебное примечание Арктические исследования
x Служебное примечание Краеведческий каталог
650 04 a Основная рубрика Экономика природопользования-Арктика-Диссертации
650 14 a Основная рубрика Энергетические ресурсы-Нефтегазовая промышленность-Арктика-Диссертации
651 _4 a Географическое наименование Арктика
653 0_ a Ключевые слова Анализ нефтегазового комплекса; Диссертации; Исследования арктические; Нефтедобыча; Нефтегазовая промышленность; Нефтегазовый комплекс; Нефтегазовые месторождения; Освоение Арктики; Природный газ; Рациональное природопользование; Региональная экономика; Тимано-Печорская провинция; Экономика Арктики; Энергетические ресурсы
901 t Тип документа d